| 000 | 00561nam a22001697a 4500 | ||
|---|---|---|---|
| 003 | NUST | ||
| 038 | _aNusrat Nadeem | ||
| 082 | _a200 | ||
| 100 |
_aShah, Syed Tamoor _9120297 |
||
| 245 |
_aBeam Steerable Fabry Perot Cavity Antenna Using Liquid-Based Metamaterial/ _cSyed Tamoor Shah, |
||
| 264 |
_aIslamabad, _bSEECS NUST, _c2023 |
||
| 300 |
_aill: _b64,p: _c30,cm. |
||
| 650 |
_aMS- Electrical Engineering _923567 |
||
| 700 |
_aSupervisor: Dr. Muhammad Umar Khan _999071 |
||
| 856 | _u http://10.250.8.41:8080/xmlui/handle/123456789/41394 | ||
| 942 |
_2ddc _cSC |
||
| 999 |
_c607659 _d607659 |
||